00786nam a22002417a 450000500170000001000110001702000100002803500110003803700160004904000120006508200130007710000280009024500620011826000330018027000340021330000220024750000540026965000310032365000310035494200220038599900190040795201180042620170124105946.0 a475704 c00.00 a475704 bCen Lib/Ret aDPLbEN a204bBRO a Brothers, Joan9142878 aReadings in the sociology of religion /cby Joan Brothers aLondonbPergamon Pressc1967 bOxforda4 and 5Fitzroy Square ax,239p.c20cm(Hb) aIncludes bibliographical references and glossary  aSociology- Religion932099 aSociological Theory912428 2ddccENh204mBRO c124927d124927 00104070aLbLd2015-06-19eCen Lib/Retg0.00l0o204 BROp475704r2015-06-19 00:00:00t1v0.00w2016-09-15yEN